00394cam a2200157ua 45000010005000000080039000050400009000440820013000531000039000662450041001052500009001462600028001553000017001836530019002006530017002193410111022n ii |||gr||||Z||||||asm cMAIN a891.4513 aKalita, Tosha Probha,eTranslated.11aHe mahajivancby Tosha Probha Kalita a1st. aGuwahati:bImprint,995. a219p:c23cm. aAssamese novel aHe mahajivan